00739 2200241 4500001002100000005001500021035002000036008004100056245009700097100002300194260004000217300003800257020002200295084001700317082001100334650002400345500004500369700001900414700001600433504002600449990001100475990001100486INLIS00000000001178720220617092737 a0010-0622000297220617 g 0 ind 1 aBuku Panduan Pramuka :bEdisi Senior /cNursanti Riandini, Firman Sujadi; editor, Abu Kaysan aNURSANTI, Riandini aJakarta :bBee Media Pustaka,c2018 aviii, 292 hal. :bilus. ;c21 cm. a978-602-9473-91-9 a370.11 NUR b a370.11 4aPENDIDIKAN. PRAMUKA aDaftar Istilah dan Singkatan Kepramukaan0 aFIRMAN, Sujadi0 aABU, Kaysan aBibliografi : hal.292 a7674 a a7674 b